| 000 | nam a22 a 4500 | ||
|---|---|---|---|
| 999 |
_c60 _d60 |
||
| 003 | AKMAL | ||
| 005 | 20170413145941.0 | ||
| 008 | 170413s1990 myw a00 may d | ||
| 020 |
_a9836212469 (set): _cRM 325.00 |
||
| 040 | _aAKMAL | ||
| 082 | 0 | 4 | _a039.9923 |
| 090 |
_a039.9923 _bENS |
||
| 245 | _aEnsiklopedia pelajar v.1-9 | ||
| 260 |
_aKuala Lumpur : _bDewan Bahasa dan Pustaka, _c1990 |
||
| 300 |
_a9 vol. : _bil. wrn. ; _c26cm |
||
| 650 |
_aEncyclopedias and dictionaries, Malay _9198 |
||
| 942 |
_2ddc _cBOOK |
||